| 000 | 00884nam a22002775i 4500 | ||
|---|---|---|---|
| 003 | EG-ScBUE | ||
| 005 | 20221129112145.0 | ||
| 008 | 201214s1996 ua f 000 f ara d | ||
| 017 | _a1995 / 3537 | ||
| 020 | _a9770703915 | ||
| 040 |
_aEG-ScBUE _bara _erda _cEG-ScBUE _dEG-ScBUE |
||
| 082 | 0 | 4 |
_a892.736 _bط ا هـ _222 |
| 100 | 1 |
_aطاهر، بهاء، _d1935- _eمؤلف. |
|
| 245 | 1 | 2 |
_aالحب في المنفى / _cبهاء طاهر. |
| 250 | _aالطبعة الثانية. | ||
| 264 | 1 |
_aالقاهرة : _bدار الهلال، _c1996. |
|
| 300 |
_a256 صفحة ؛ _c22 سم |
||
| 336 |
_aنص _btxt _2rdacontent |
||
| 337 |
_aبدون وسيط _bn _2rdamedia |
||
| 338 |
_aمجلد _bnc _2rdacarrier |
||
| 541 | _aBook from store. | ||
| 650 | 7 |
_aالقصص العربية _yقرن 20. _2BUEsh |
|
| 653 |
_bARALIT _cNovember2022 |
||
| 655 | _vReading book | ||
| 942 | _2ddc | ||
| 999 |
_c30057 _d30028 |
||